| 000 | 04258cam a22008057a 4500 | ||
|---|---|---|---|
| 001 | 000069274 | ||
| 003 | CHAP | ||
| 005 | 20220817043132.0 | ||
| 008 | 971013m1986 r 00110 d | ||
| 010 | _a66546 | ||
| 011 | _a67518 | ||
| 035 | _a76988 | ||
| 040 | _cCHAP | ||
| 082 | 0 | 4 |
_a630.83 _bM4 |
| 110 | 2 |
_aInstituto Nacional de Estadística, Geografía e Informática. México _959304 |
|
| 245 | 1 | 0 | _aAgenda estadística 1986-19. |
| 246 | 3 | _aAgenda estadística de los Estados Unidos Mexicanos | |
| 260 |
_aMéxico, D. F. : _bINEGI, _c1986-. |
||
| 300 | _av. | ||
| 500 | _acontinua de : México. Dirección General de Estadística | ||
| 500 | _aLa biblioteca tiene:1984, 1985, 1986, 1988, 1989, 1990, 1991, 1992, 1993, 1994, 1997, 1998, 1999, 2000, 2001, 2002, 2003, 2004, 2005, 2006, 2007, 2008, 2009, 2010 | ||
| 500 | _aTitulo varía apartir de 199- | ||
| 590 |
_aBATCH-UPD _b10 _c20130110 _lUCH01 _h0929 |
||
| 590 |
_aBATCH-UPD _b10 _c20130410 _lUCH01 _h0548 |
||
| 590 |
_aBATCH-UPD _b10 _c20130914 _lUCH01 _h0718 |
||
| 590 |
_aCONVERSION _b10 _c20130109 _lUCH01 _h1337 |
||
| 590 |
_aE6096MTM _b05 _c20150520 _lUCH01 _h0835 |
||
| 650 | 1 | 4 |
_aAgricultura _xEstadisticas _zMexico. |
| 650 | 1 | 4 |
_aBosques _xEstadísticas _xMéxico. _914149 |
| 650 | 1 | 4 |
_aGanadería _xEstadísticas _zMéxico. _944716 |
| 650 | 1 | 4 |
_aMéxico _xEstadísticas. _976743 |
| 901 | _aBK | ||
| 942 | _cLIBRO | ||
| 942 | _n0 | ||
| 949 |
_a630.83 M4 _bBC _cESP _d-109069 _eESP _f1989 _h79420 _i76988 _si |
||
| 949 |
_a630.83 M4 _bBC _cESP _d-109071 _eESP _f1989 c.2 _h80458 _i76988 _si |
||
| 949 |
_a630.83 M4 _bBC _cESP _d-109073 _eESP _f1990 _h79385 _i76988 _si |
||
| 949 |
_a630.83 M4 _bBC _cESP _d-109074 _eESP _f1990 c.2 _h80459 _i76988 _si |
||
| 949 |
_a630.83 M4 _bBC _cESP _d-109075 _eESP _f1991 _h84933 _i76988 _si |
||
| 949 |
_a630.83 M4 _bBC _cESP _d-109076 _eESP _f1991 c.2 _h84934 _i76988 _si |
||
| 949 |
_a630.83 M4 _bBC _cESP _d-109077 _eESP _f1991 c.3 _h87277 _i76988 _si |
||
| 949 |
_a630.83 M4 _bBC _cESP _d-109078 _eESP _f1992 _h84935 _i76988 _si |
||
| 949 |
_a630.83 M4 _bBC _cESP _d-109079 _eESP _f1992 c.2 _h84936 _i76988 _si |
||
| 949 |
_a630.83 M4 _bBC _cESP _d-29850 _eESP _f1986 _h75116 _i76988 _si |
||
| 949 |
_a630.83 M4 _bBC _cESP _d33724000567848 _eESP _f1994 _h89167 _i76988 _si |
||
| 949 |
_a630.83 M4 _bBC _cESP _d33724000601662 _eESP _f1993 c.2 _h84938 _i76988 _si |
||
| 949 |
_a630.83 M4 _bBC _cESP _d33724000661039 _eESP _f1993 _h84937 _i76988 _si |
||
| 949 |
_a630.83 M4 _bBC _cESP _d33724000701397 _eESP _f1997 _h93883 _i76988 _sb |
||
| 949 |
_a630.83 M4 _bBC _cESP _d33724000701405 _eESP _f1997 c.2 _h93884 _i76988 _sb |
||
| 949 |
_a630.83 M4 _bBC _cESP _d33724000753950 _eESP _f1998 _gI. c/e _h96973 _i76988 _sb _t20.00 |
||
| 949 |
_a630.83 M4 _bBC _cESP _d33724000777629 _eESP _f1999 _h97792 _i76988 _si |
||
| 949 |
_a630.83 M4 _bBC _cESP _d33724000815767 _eESP _f2000 c.2 _h99581 _i76988 _sb |
||
| 949 |
_a630.83 M4 _bBC _cESP _d33724000815825 _eESP _f2000 _h99580 _i76988 _st |
||
| 949 |
_a630.83 M4 _bBC _cESP _d33724000888004 _eESP _f2002 _h103509 _i76988 _sb |
||
| 949 |
_a630.83 M4 _bBC _cESP _d33724000984449 _eESP _f2004 _gDonaciØn _h107898 _i76988 _sb |
||
| 949 |
_a630.83 M4 _bBC _cESP _d33724000998878 _eESP _f2005 _gDonaciØn _h107969 _i76988 _sb |
||
| 949 |
_a630.83 M4 _bBC _cESP _d33724002031157 _eESP _f2006 _gDonaciØn _h108657 _i76988 _sb |
||
| 949 |
_a630.83 M4 _bBC _cESP _d33724002067165 _eESP _f2007 _gDonaciØn _h113319 _i76988 _sb |
||
| 949 |
_a630.83 M4 _bBC _cESP _d33724002096488 _eESP _f2008 _gDonaciØn _h113320 _i76988 _sb |
||
| 949 |
_a630.83 M4 _bBC _cESP _d33724002111017 _eESP _f2009 _gDonaciØn _h113321 _i76988 _sb |
||
| 949 |
_a630.83 M4 _bBC _cESP _d33724002238512 _eESP _f2010 _gDonaciØn _h114365 _i76988 _sb |
||
| 949 |
_a630.83 M4 _bBC _cESP _d769812 _eESP _f1986 c.2 _gDonaciØn _h101921 _i76988 _sb |
||
| 949 |
_a630.83 M4 _bBC _cESP _d76988 2 _eESP _f1984 c.2 _gDonaciØn _i76988 _sb |
||
| 949 |
_a630.83 M4 _bBC _cESP _d769881 _eESP _f2001 _h103153 _i76988 _sb |
||
| 949 |
_a630.83 M4 _bBC _cESP _d7698814 _eESP _f1985 _gDonaciØn _h100542 _i76988 _sb |
||
| 949 |
_a630.83 M4 _bBC _cESP _d769883 _eESP _f1984 c.3 _gDonaciØn _h100678 _i76988 _sb |
||
| 949 |
_a630.83 M4 _bBC _cESP _d769884 _eESP _f1994 c.2 _gDonaciØn _h101922 _i76988 _sb |
||
| 949 |
_a630.83 M4 _bBC _cESP _d769885 _eESP _f2003 _gDonaciØn _h105061 _i76988 _sb |
||
| 949 |
_a630.83 M4 _bBC _cESP _d769886 _eESP _f1984 _gDonaciØn _h100678 _i76988 _sb |
||
| 999 |
_c66546 _d66546 |
||